000 00385nam a2200157 4500
008 190208s2009||||xo d
100 1 _aChomová Svetlana
_9232
245 1 0 _aVolný cas
250 _a1.vydanie
260 _bNárodné osvetové centrum
_aBratislava
_c2009
300 _a87 s.
020 _a978-80-7121-313-0
_c0
041 1 _aslo
044 _axo
_cSK
958 _aA
999 _c22111
_d22111